000 00759nam a22002297a 4500
003 OSt
005 20250708084941.0
008 250708b |||||||| |||| 00| 0 eng d
020 _a9781936608935
040 _aDWCL - Main lib
_cOC
082 _aCirc. 641.555 M466 2011
100 _aMayfield, Julie
245 _aPaleo comfort foods :
_bhomestyle cooking for a gluten-free kitchen/
_cJulie Mayfield
260 _aUSA :
_bVictory Belt Publishing,
_cc2011.
300 _a336 pages :
_billustrations (some color) ;
_c28 cm.
504 _aIncludes index.
650 _a1. Gluten-free diet--Recipes.
650 _a2. Gluten-free foods.
650 _a3. Prehistoric peoples--Food
650 _a4. Quick and easy cooking.
942 _2ddc
_cBK-CIRC
_kCirc.
_n0
999 _c3483
_d3483